Online Catalogue and eLibrary

Cast and Race in India (Record no. 1433)

MARC details
000 -LEADER
fixed length control field 00432nam a2200181Ia 4500
005 - DATE AND TIME OF LATEST TRANSACTION
control field 20241219025048.0
008 - FIXED-LENGTH DATA ELEMENTS--GENERAL INFORMATION
fixed length control field 240331s9999 xx 000 0 und d
020 ## - INTERNATIONAL STANDARD BOOK NUMBER
ISBN 8171542050
082 ## - DDC Classification
Item Number - Author Mark GHU
DDC Edition Number 581
Class No. 305
100 ## - MAIN ENTRY--PERSONAL NAME
Personal name Ghurye, G.S
245 #0 - TITLE STATEMENT
Title Cast and Race in India
250 ## - EDITION STATEMENT
Edition statement 5th
260 ## - PUBLICATION, DISTRIBUTION, ETC.
Place of publication, distribution, etc. Bombay
Name of publisher, distributor, etc. Popular Prakashan Private Limited
Date of publication, distribution, etc. 1990
300 ## - PHYSICAL DESCRIPTION
Extent (e.g. Volumes, Pages etc.) vi, 493 p.,
650 ## - SUBJECT ADDED ENTRY--TOPICAL TERM
Topical term or geographic name entry element Caste
650 ## - SUBJECT ADDED ENTRY--TOPICAL TERM
Topical term or geographic name entry element Race
942 ## - Koha item type (Biblio)
Koha item type Books in Stacks (Lending)
Holdings
Lost status Damaged status Collection code Home library Current library Shelving location Date acquired Full call number Accession Number Item type
    Lending WERC Library WERC Library Social Science Cupboard 03/31/2024 305 GHU 581 Books in Stacks (Lending)

© WERC Library